Unconventional gas reservoirs : (Record no. 19052)
[ view plain ]
| 000 -LEADER | |
|---|---|
| fixed length control field | 00838nam a22002415a 4500 |
| 001 - CONTROL NUMBER | |
| control field | 18322796 |
| 005 - DATE AND TIME OF LATEST TRANSACTION | |
| control field | 20151125124006.0 |
| 008 - FIXED-LENGTH DATA ELEMENTS--GENERAL INFORMATION | |
| fixed length control field | 141001t2015 maua frb 001 0 eng d |
| 020 ## - INTERNATIONAL STANDARD BOOK NUMBER | |
| International Standard Book Number | 9780128003909 |
| 040 ## - CATALOGING SOURCE | |
| Original cataloging agency | DLC |
| Language of cataloging | eng |
| Transcribing agency | DLC |
| Modifying agency | EN-ScBUE |
| 082 04 - DEWEY DECIMAL CLASSIFICATION NUMBER | |
| Edition number | 22 |
| Classification number | 622.3385 |
| Item number | ISL |
| 100 1# - MAIN ENTRY--PERSONAL NAME | |
| Personal name | Islam, M. Rafiqul. |
| 9 (RLIN) | 38800 |
| 245 10 - TITLE STATEMENT | |
| Title | Unconventional gas reservoirs : |
| Remainder of title | evaluation, appraisal, and development / |
| Statement of responsibility, etc | M. Rafiqul Islam. |
| 260 ## - PUBLICATION, DISTRIBUTION, ETC. (IMPRINT) | |
| Place of publication, distribution, etc | Waltham ; |
| -- | Oxford : |
| Name of publisher, distributor, etc | Gulf Professional Publishing / Elsevier, |
| Date of publication, distribution, etc | c.2015. |
| 300 ## - PHYSICAL DESCRIPTION | |
| Extent | viii, 624 p. : |
| Other physical details | ill. ; |
| Dimensions | 23 cm. |
| 500 ## - GENERAL NOTE | |
| General note | Index : p. 615-624. |
| 504 ## - BIBLIOGRAPHY, ETC. NOTE | |
| Bibliography, etc | Bibliography : p. 559-614. |
| 650 #7 - SUBJECT ADDED ENTRY--TOPICAL TERM | |
| Topical term or geographic name as entry element | Gas reservoirs. |
| Source of heading or term | BUEsh |
| 9 (RLIN) | 24686 |
| 653 ## - INDEX TERM--UNCONTROLLED | |
| Resource For college | Engineering, Petroleum |
| -- | Engineering, General |
| Arrived date list | March2015 |
| -- | November2015 |
| 906 ## - LOCAL DATA ELEMENT F, LDF (RLIN) | |
| a | 0 |
| b | ibc |
| c | orignew |
| d | 2 |
| e | epcn |
| f | 20 |
| g | y-gencatlg |
| 942 ## - ADDED ENTRY ELEMENTS (KOHA) | |
| Source of classification or shelving scheme | Dewey Decimal Classification |
| Withdrawn status | Item status | Source of classification or shelving scheme | Damaged status | Not for loan | Vendor | Home library | Current library | Shelving location | Date acquired | Source of acquisition | Total Checkouts | Total Renewals | Full call number | Barcode | Date last seen | Date last borrowed | Koha item type | Cost, normal purchase price | Serial Enumeration / chronology | Cost, replacement price |
|---|---|---|---|---|---|---|---|---|---|---|---|---|---|---|---|---|---|---|---|---|
| Dewey Decimal Classification | Baccah | Central Library | Central Library | First floor | 17/03/2015 | 2 | 13 | 622.3385 ISL | 000037621 | 15/07/2025 | 11/10/2017 | Book - Borrowing | ||||||||
| Dewey Decimal Classification | Baccah | Central Library | Central Library | First floor | 19/08/2015 | Purchase | 1 | 18 | 622.3385 ISL | 000039765 | 15/07/2025 | 22/11/2017 | Book - Borrowing | 1200.00 | 21761 | 1500.00 |